000 00471nam a2200169 i 4500
001 111020
003 ES-MaACL
005 20230906185226.0
007 t|
008 061121s1959 sp r ||||1| spa d
100 1 _aNadal Ribas, Juan.
_984810
245 1 3 _aLa pesca del salmón /
_cJuan Nadal Ribas.
260 _aBarcelona :
_bSíntesis,
_c1959.
300 _a134 p. :
_bil ;
_c18 cm.
650 4 _aSalmones-
_xPesca.
_9160211
852 _aES-MaACL
_jC-17092
_bR.45392
999 _c111020
_d111020